Statistics for Most Popular Sport by Country

Click here to take the quiz!

General Stats

  • This quiz has been taken 44 times
  • The average score is 6 of 13

Answer Stats

CountrySport% Correct
BrazilFootball
100%
United StatesAmerican Football
95%
IndiaCricket
91%
CubaBaseball
73%
ChinaTable Tennis
64%
FinlandIce Hockey
48%
AustriaSkiing
45%
IrelandGaelic Football
39%
PhilippinesBasketball
27%
BhutanArchery
25%
Papua New GuineaRugby
23%
CambodiaKick Boxing
11%
MongoliaHorse Racing
7%

Score Distribution

Percentile by Number Answered

Percent of People with Each Score

Your Score History

You have not taken this quiz